[Event "Eurasia Open Cup 2019"]
[Site "Ekaterinburg"]
[Date "2019.08.09"]
[Round "9.38"]
[White "Gutkovich, Polina"]
[Black "Pranizin, Gennady"]
[Result "1/2-1/2"]
[WhiteElo "1983"]
[BlackElo "2232"]
[Annotator "TA"]
[PlyCount "127"]
[EventDate "2019.07.31"]
[EventType "swiss"]
[EventCountry "RUS"]
[SourceTitle "playchess.com"]
[Source "ChessBase"]
[SourceQuality "1"]

{[%evp 11,127,8,31,33,51,49,58,52,86,73,73,71,90,44,62,65,52,63,65,56,102,99,102,94,98,81,91,65,72,34,30,44,16,0,0,-45,0,0,12,8,18,0,0,-25,193,161,161,150,147,54,54,54,104,33,35,35,35,38,68,76,57,0,0,0,0,0,0,0,0,0,0,0,93,93,93,60,64,60,93,64,66,46,191,93,174,172,191,191,214,53,53,53,53,53,53,53,53,53,53,53,53,53,60,53,53,39,46,46,46,46,46,46,46,46,46,46,53,53]} 1. d4 Nf6 2. c4 g6 3. Nc3 Bg7 4. Nf3 O-O 5. Bg5 d6 6. e3 c6 7. h3 {E61: King's Indian: Early deviations for White, including Smyslov System} (7. Be2 a6 8. O-O b5 9. a3 Nbd7 10. Rc1 Bb7 11. Qc2 bxc4 12. Bxc4 c5 13. Rfd1 cxd4 14. Nxd4 Rc8 15. Qb3 Nc5 16. Qa2 Nce4 17. Nxe4 Nxe4 {0-1 (39) Jianu,V (2554)-Can,E (2565) Baku 2016}) 7... Qa5 8. Qd2 e5 9. Be2 exd4 10. exd4 Bf5 $146 ({Predecessor:} 10... d5 11. O-O Be6 12. Bxf6 Bxf6 13. Nxd5 Qd8 14. Nxf6+ Qxf6 {1-0 (29) Lechtynsky,J (2375)-Skoda,M (2005) Pardubice 2010}) 11. O-O Nbd7 12. g4 Be6 13. d5 cxd5 {[#]} 14. b4 $1 {[%cal Rb4a5][%mdl 512]} Qxb4 15. Rab1 Qa5 16. Rb5 Qc7 17. cxd5 Bxg4 18. hxg4 Rac8 19. Bxf6 Nxf6 20. Rb3 (20. g5 $5 {[%cal Rg5f6]} Qxc3 21. Qxc3 (21. gxf6 Qxf6 22. Rxb7 Rc3 $16) 21... Rxc3 22. gxf6 Bxf6 23. Rxb7 $16) 20... Nxg4 {[%cal Rg7c3]} 21. Nb5 Qd7 22. Nxa7 Rc5 23. Rb5 Rc7 {And now ...Ra8 would win.} 24. Rb3 Ra8 25. Nb5 Rc5 26. Qf4 Rxa2 27. Nxd6 Ra4 $2 (27... Rxe2 $11 28. Rxb7 Bh6) 28. Qg3 Ne5 29. Nxe5 Qxd6 30. Ng4 ({White should play} 30. Nxf7 $1 $16 Qxd5 31. Rf3) 30... Rxd5 $14 31. Rxb7 {Strongly threatening Qxd6.} Rf4 32. Rc1 (32. Ne3 $16 Rdd4 33. Rc1) 32... h5 33. Ne3 h4 34. Qg2 Rd2 35. Rc8+ Kh7 36. Nc4 ({White should try} 36. Bf3 $14) 36... Rd1+ $11 37. Bxd1 Qxd1+ 38. Kh2 {Black must now prevent Ne3.} Rg4 (38... Qe1 $5 39. f3 $8 Qc3 $11) 39. Qh1 Qd4 $1 {[%cal Rd4f2]} 40. Rxf7 Rf4 41. Rcf8 Rxf7 (41... Qxf2+ $1 $11 42. Qg2 Qxg2+ 43. Kxg2 Rxc4) 42. Rxf7 $16 Qxc4 $11 {[%mdl 4096] Endgame KQR-KQB} 43. Qb7 Qd4 44. Qe7 {Hoping for Qg5.} Kg8 45. Qe8+ Kh7 46. Qe3 Qd5 {[#]} (46... Qxe3 $14 47. fxe3 g5) 47. Re7 (47. Qe7 $1 $18 {has better winning chances.} Qd4 48. Qg5) 47... Qd6+ (47... Kg8 $16 {keeps fighting.} 48. Qe4 Qd4) 48. Kh3 $18 Qf6 49. Re4 g5 {[#]} 50. Re6 $2 ({Don't play} 50. Rg4 $6 Qf5 $16) ({White has to play} 50. Kg4 $1 $18) 50... Qf5+ $14 {White is slightly better.} 51. Kg2 Qg4+ 52. Kh2 {aiming for Qd3+.} Qf5 53. Qe4 Qxe4 54. Rxe4 {KR-KB} Kg6 55. Kh3 Kf5 56. Ra4 Be5 57. f3 Bd6 58. Ra7 Kf4 59. Rf7+ Ke3 60. Kg4 Bf4 61. Rb7 Ke2 62. Rb2+ Bd2 63. Ra2 Kd3 64. Ra8 {Accuracy: White = 48%, Black = 47%.} 1/2-1/2

[Event "Eurasia Open Cup 2019"]
[Site "Ekaterinburg"]
[Date "2019.08.09"]
[Round "9.39"]
[White "Dilmukhametov, Artur"]
[Black "Romanov, Vasily"]
[Result "1-0"]
[WhiteElo "2346"]
[BlackElo "1906"]
[Annotator "TA"]
[PlyCount "77"]
[EventDate "2019.07.31"]
[EventType "swiss"]
[EventCountry "RUS"]
[SourceTitle "playchess.com"]
[Source "ChessBase"]
[SourceQuality "1"]

{[%evp 13,77,7,18,8,48,37,66,48,50,54,83,47,84,67,77,75,70,74,61,56,90,58,121,130,102,112,107,79,75,69,88,86,179,155,326,312,311,313,329,320,329,329,314,324,311,311,444,361,365,356,367,359,318,306,510,303,1095,504,487,368,1167,1134,1822,909,4710,1261]} 1. d4 Nf6 2. Nc3 d5 3. Bf4 c6 4. e3 g6 5. Nf3 Bg7 6. h3 O-O 7. Bd3 Nbd7 8. O-O {D00: 1 d4 d5: Unusual lines} Nh5 9. Bh2 f5 10. Ne2 {White is slightly better.} e6 11. c4 Qe7 12. Rb1 $146 ({Predecessor:} 12. Ne5 Nhf6 13. c5 Ne4 14. Nxd7 Qxd7 15. f3 Ng5 {1-0 (46) Matnadze,A (2401)-Strikovic,A (2509) Elgoibar 2012}) 12... Kh8 13. b4 {[%cal Bb2b4,Bb4b5][%mdl 32]} dxc4 14. Bxc4 e5 15. b5 e4 16. Nd2 {Hoping for bxc6.} Nb6 17. a4 {[%cal Ba2a4,Ba4a5][%mdl 32]} Be6 (17... cxb5 $14 18. Bxb5 Be6) 18. Bxe6 $16 Qxe6 19. bxc6 bxc6 20. a5 Nd5 21. Nb3 f4 22. Nc5 $36 {[%mdl 2048] White is in control.} Qf5 {[#]} (22... Qg8 $16) 23. exf4 $1 $18 Nhxf4 $2 (23... Nhf6 $16 24. Ng3 Qc8) 24. Bxf4 Nxf4 25. Nxf4 Qxf4 26. Ne6 $1 {[%csl LRf4,LRf8][%mdl 64] Double Attack} Qd6 27. Nxf8 Rxf8 28. Qc2 Bxd4 29. Qxe4 c5 (29... Rf7 $142 30. a6 Bb6) 30. Qe2 Rf7 31. a6 Qd5 32. Kh1 Kg7 33. f4 h5 $2 (33... Kh6 {was necessary.} 34. f5 Rxf5) 34. Rb8 c4 $2 (34... Kh6 35. Re8 Rf5) 35. Rc8 (35. Qe8 $142 {[%csl Gb8][%cal Re8h8]} Kh6 {[#]} 36. Rd8 $1 {[%mdl 512]}) 35... c3 36. Qd3 ({Weaker is} 36. Qe8 Kh6 $18) 36... Rd7 $2 (36... Qd7 37. Rc4 Bf6 38. Qxd7 Rxd7) 37. Rd1 {White is clearly winning.} Qb3 38. Rxc3 (38. Rc4 $142 Qb6 39. Rxd4 Rxd4 40. Qxc3) 38... Qa4 {[#]} 39. Rc4 $1 {Accuracy: White = 65%, Black = 24%.} 1-0

[Event "Eurasia Open Cup 2019"]
[Site "Ekaterinburg"]
[Date "2019.08.09"]
[Round "9.40"]
[White "Voinikonis, Nikita"]
[Black "Pozin, Sergey"]
[Result "1-0"]
[WhiteElo "2137"]
[BlackElo "2299"]
[Annotator "TA"]
[PlyCount "119"]
[EventDate "2019.07.31"]
[EventType "swiss"]
[EventCountry "RUS"]
[SourceTitle "playchess.com"]
[Source "ChessBase"]
[SourceQuality "1"]

{[%evp 14,119,18,-8,6,-20,29,13,95,109,114,131,197,170,183,155,156,158,183,76,79,23,52,39,193,-256,-198,-243,-264,-430,-282,-404,-227,-262,-270,-251,-270,-295,-305,-565,-267,-199,-147,-141,0,0,77,54,113,44,48,0,0,0,10,0,0,0,0,0,0,0,0,0,792,775,785,656,802,792,1682,1682,1660,1643,1492,1038,1038,1031,956,932,611,604,589,401,1649,458,1713,1753,1786,1761,1513,1458,11397,10584,12829,1668,12785,12359,29955,29958,29978,29962,29984,29985,29985,29986,29987,29986]} 1. e4 c5 2. Nf3 d6 3. c3 Nf6 4. g3 Nc6 5. d3 Bg4 6. Bg2 e6 7. O-O Be7 8. Nbd2 d5 {B30: Sicilian: 2...Nc6 3 Bb5, lines without ...g6} (8... O-O 9. h3 Bh5 10. g4 Bg6 11. Nh4 e5 12. Nxg6 hxg6 13. Qe2 Ne8 14. Nc4 Bg5 15. f4 Bxf4 16. Bxf4 exf4 17. Rxf4 {0-1 (40) Steinmueller,S (2079)-Schmidt,P (2360) Bayern 2016}) 9. Qa4 $146 ({Predecessor:} 9. h3 Bxf3 10. Qxf3 dxe4 11. Nxe4 O-O 12. Rd1 Qc7 13. Be3 Nxe4 14. Qxe4 Rfd8 15. d4 c4 16. Re1 {1-0 (36) Carrizo,A-Rojas R,M Buenos Aires 1997}) 9... Bh5 10. Ne5 Rc8 (10... O-O $11 11. Nxc6 bxc6) 11. g4 $16 Bg6 12. f4 $1 {[%cal Rf4f5] Strongly threatening f5.} Qc7 (12... dxe4 $16 13. dxe4 (13. Nxe4 O-O $11) 13... Qc7) 13. exd5 $1 $18 exd5 14. Nxc6 bxc6 15. f5 c4 16. h3 (16. fxg6 $18 hxg6 17. h3) 16... h5 $16 17. g5 (17. dxc4 $2 hxg4 18. cxd5 (18. fxg6 $2 gxh3 19. Ne4 hxg2 $19) 18... gxh3 $17) (17. Nxc4 $16 dxc4 18. fxg6 hxg4 19. gxf7+ (19. Qxc4 gxh3 20. Be4 Nxe4 $14) 19... Kf8 20. Bf4) 17... Ng4 $1 $11 18. hxg4 hxg4 19. fxg6 $4 {[%mdl 8192]} (19. Rf2 $1 $18 Qh2+ 20. Kf1) 19... Qh2+ $19 20. Kf2 O-O 21. dxc4 $2 (21. Qxa7 $2 Rce8 $19) (21. Ke1 fxg6 22. dxc4 (22. Qxa7 Qxg2 23. Rg1 Qh2 $17) 22... Qxg2 23. cxd5 Bxg5 24. Rxf8+ Rxf8 25. Kd1) 21... Bxg5 22. Ke1 (22. gxf7+ {was forced.} Rxf7+ 23. Ke1 Re7+ 24. Kd1 Qxg2 25. Qa6 Qe2+ 26. Kc2) 22... Qxg2 (22... fxg6 $142 23. Rxf8+ Rxf8 24. Qxc6 Bxd2+ 25. Bxd2 Qg1+ 26. Ke2 Qxg2+ 27. Kd1 Rf1+ 28. Be1 g3 29. Qe6+ (29. Qxg6 $2 Qf3+ 30. Kc2 g2 $19) 29... Kh7) 23. gxf7+ Rxf7 24. Rxf7 Kxf7 25. Qxa7+ Kg6 26. Kd1 $2 (26. Qc5 Bxd2+ 27. Bxd2 Qh1+ 28. Kf2 Qxa1 {[%mdl 64] Double Attack} 29. Qd6+ Kh7 30. cxd5) 26... Rf8 (26... Rd8 $142 {Threatens to win with ...dxc4.} 27. c5 (27. Qd4 $2 dxc4 28. Qxd8 Bxd8 $19) 27... d4) 27. Qc5 Rf2 (27... Rf6 $19 {...g3 is the strong threat.} 28. cxd5 cxd5) 28. Qxc6+ $17 {[#]} Kh7 (28... Kh5 $1 $17 {[%cal Rf2d2]} 29. Qxd5 Qxd5 30. cxd5 g3) 29. Qxd5 $11 Qg1+ (29... Qh2 $1 $11 {keeps the balance.}) 30. Kc2 $16 Bxd2 $1 31. Bxd2 ({Better is} 31. Qe4+ $16 Kg8 32. Qd5+ {[%mdl 64] Double Attack} (32. Bxd2 Qxa1 33. Qd5+ Rf7 $16) 32... Kh7 33. Qd3+ (33. Bxd2 Qxa1 34. c5 Rf1 $16) 33... Kg8 34. Qd8+ (34. Bxd2 Qxa1 35. Qd5+ Rf7 $14) 34... Kf7 35. Bxd2 Qxa1 36. Qd5+ Kg6 37. Qe6+ Kh5 38. Qe3 Rxd2+ 39. Qxd2) 31... Qxa1 $14 {[%mdl 4096] Endgame KQR-KQB} 32. Qh5+ Kg8 33. Qe8+ Kh7 34. Qh5+ Kg8 35. Qxg4 {Black must now prevent Qe6+.} Qxa2 36. Qe6+ Kh7 37. Qe4+ Kg8 38. c5 Rxd2+ $2 {[%mdl 8192]} (38... Rf1 $11 39. Kd3 Qxb2) 39. Kxd2 $18 Qxb2+ $11 {KQ-KQ} 40. Kd3 Qb1+ 41. Kd4 Qxe4+ 42. Kxe4 $18 {KPP-KP} Kf7 43. Kd5 {White threatens Kd6 and mate.} g5 44. Kc6 g4 {[#]} 45. Kb7 $1 g3 46. c6 g2 47. c7 g1=Q {( -> ...Qh1+)} 48. c8=Q {KQ-KQ} Qa1 (48... Qb1+ $142 49. Kc7 Qa2) 49. Qd7+ (49. Qc7+ $142 Kf8 50. Qd6+ Ke8 51. c4) 49... Kf8 (49... Kf6 $142 50. c4 Qb1+ 51. Qb5 Qh7+ 52. Kb6 Qh2) 50. c4 Qa3 51. Qc6 Qb4+ 52. Kc8 Kg8 53. c5 Kh8 54. Qe8+ (54. Qf6+ $142 Kh7 55. Qf5+ Kg8 56. c6) 54... Kh7 55. c6 Qa5 56. c7 {White mates.} Kh6 57. Qc6+ Kh5 58. Kb7 Qb4+ 59. Ka6 Qa3+ 60. Kb6 {Accuracy: White = 43%, Black = 30%.} 1-0

[Event "Eurasia Open Cup 2019"]
[Site "Ekaterinburg"]
[Date "2019.08.09"]
[Round "9.41"]
[White "Fomin, Pavel V."]
[Black "Pogorelskikh, Sergey"]
[Result "0-1"]
[WhiteElo "2103"]
[BlackElo "2284"]
[Annotator "TA"]
[PlyCount "82"]
[EventDate "2019.07.31"]
[EventType "swiss"]
[EventCountry "RUS"]
[SourceTitle "playchess.com"]
[Source "ChessBase"]
[SourceQuality "1"]

{[%evp 22,110,-27,-14,-18,-30,-28,-33,0,-11,-20,-47,-12,-95,-91,-89,-95,-105,-95,-100,-85,-131,-129,-149,-102,-104,-112,-158,-123,-164,-165,-156,-151,-174,-164,-178,-177,-171,-173,-205,-179,-173,-168,-337,-191,-233,-233,-233,-233,-228,-225,-229,-211,-447,-420,-405,-276,-287,-287,-365,-383,-374,-373,-368,-364,-483,-470,-556,-454,-737,-689,-637,-620,-6276,-6119,-6079,-5627,-29971,-5114,-2616,-2288,-29977,-1928,-29978,-29979,-29979,-29980,-29980,-29981,-29981,-29981]} 1. d4 Nf6 2. Bf4 g6 3. Nf3 Bg7 4. e3 O-O 5. h3 d6 6. Be2 b6 7. c4 Bb7 8. Nc3 Nbd7 9. Qc2 e5 10. Bh2 exd4 11. exd4 Re8 12. O-O Ne4 {E61: King's Indian: Early deviations for White, including Smyslov System} 13. Rfe1 (13. Nd5 Ndf6 14. Nf4 h5 15. Nd3 Nh7 16. d5 Bc8 17. Nb4 Qf6 18. Qa4 Bf5 19. Rae1 Nc5 20. Qc6 Qd8 {0-1 (20) Hamitevici,V (2440)-Jones,G (2644) England 2013}) 13... Nxc3 14. bxc3 Qf6 {Black is slightly better.} 15. Nd2 Bh6 $146 ({Predecessor:} 15... Qe7 16. Kf1 Qg5 17. Bf3 Bxf3 18. Nxf3 Qa5 19. Qb3 Nf6 20. Qb5 Qxc3 {0-1 (33) Hodokainen,J-Nouro,M (2320) Finland 1998}) 16. Bf1 Re7 17. d5 (17. Ne4 $11 {remains equal.} Qg7 18. Bxd6 Rxe4 19. Rxe4 cxd6 20. Re7) 17... Rae8 $36 {[%mdl 2048] Keeping White busy.} 18. Rxe7 Rxe7 19. Nf3 Nc5 20. Nd4 a6 21. Rd1 Bc8 22. g4 Bf4 23. Bxf4 Qxf4 24. Bg2 Bd7 25. Qd2 Qxd2 26. Rxd2 Re1+ 27. Kh2 Rc1 28. Ne2 Ra1 29. Bf3 a5 {[%cal Ba6a5,Ba5a4][%mdl 32]} 30. Kg3 a4 31. Kf4 a3 32. Ke3 $2 (32. h4 {was necessary.}) 32... Ba4 (32... Na4 $142 33. Kd4 Nb2) 33. Be4 Nxe4 34. Kxe4 $19 {[%mdl 4096] Endgame KRB-KRN} Rh1 35. Nf4 g5 36. Ne2 Rxh3 37. Ng3 $2 (37. f3 {is a better defense.}) 37... Bd7 38. Kf3 f5 39. gxf5 Rh4 40. c5 bxc5 ({Not} 40... dxc5 41. d6 $17) 41. Rd1 {[#]} Bb5 {Played: Bd7xf5} 0-1

[Event "Eurasia Open Cup 2019"]
[Site "Ekaterinburg"]
[Date "2019.08.09"]
[Round "9.42"]
[White "Protopopova, Anastasiya"]
[Black "Gerasimov, Aleksander"]
[Result "1-0"]
[WhiteElo "2272"]
[BlackElo "2056"]
[Annotator "TA"]
[PlyCount "61"]
[EventDate "2019.07.31"]
[EventType "swiss"]
[EventCountry "RUS"]
[SourceTitle "playchess.com"]
[Source "ChessBase"]
[SourceQuality "1"]

{[%evp 9,89,31,22,4,41,38,31,20,46,39,51,45,54,35,65,69,85,75,181,175,206,209,210,167,216,160,458,453,453,458,441,302,284,0,423,431,406,204,224,221,216,206,312,304,305,301,266,181,204,183,445,183,358,358,360,360,401,321,7416,6235,29990,818,818,811,753,760,2030,757,5689,1550,2449,2554,1611,741,734,734,694,680,590,521,543,555]} 1. d4 Nf6 2. c4 e6 3. g3 Bb4+ 4. Bd2 Qe7 5. Bg2 O-O 6. e3 {E00: Catalan Bogo-Indian (3 g3 Bb4+)} (6. Nf3 b6 7. Ne5 d5 8. O-O Bxd2 9. Nxd2 Bb7 10. cxd5 exd5 11. Rc1 c5 12. Qa4 Rc8 13. Rfe1 Na6 14. e4 {½-½ (37) Bachmann,A (2646)-Granda Zuniga,J (2658) Buenos Aires 2017}) 6... a5 7. Ne2 Bxd2+ 8. Qxd2 {White is slightly better.} d6 9. O-O e5 10. Nbc3 c6 $146 ({Predecessor:} 10... Nc6 11. Nd5 Qd8 12. f4 exd4 13. Nxd4 Nxd4 14. Qxd4 {0-1 (36) Baginskaite,C (2335)-Saljova,S (2235) Lazne Bohdanec 1995}) 11. d5 c5 12. e4 Ne8 13. f4 f5 (13... Nc7 $16) 14. Rae1 $18 fxe4 15. Nxe4 Bf5 16. fxe5 {Strongly threatening N2c3.} Qxe5 17. N2c3 {[#] Black must now prevent Nxc5!} Bxe4 $2 (17... Qd4+ $16 18. Qxd4 cxd4) 18. Rxf8+ (18. Nxe4 Rxf1+ 19. Bxf1 Qd4+ 20. Qxd4 cxd4 $18) 18... Kxf8 19. Rxe4 Qh5 20. Rh4 Qe5 21. Re4 (21. Rxh7 Kg8 $18) (21. Qf2+ $142 Nf6 22. Re4) 21... Qh5 $1 22. g4 Qg6 23. h3 (23. Qf4+ $142 Kg8 24. Re7) 23... Nd7 24. Re6 Qf7 25. Ne4 {Hoping for Ng5.} Ne5 (25... Kg8 $142 26. Nxd6 Nxd6) 26. Ng5 Qd7 27. Nxh7+ Kg8 28. Ng5 Nf6 29. Qc2 $36 {[%mdl 2048] White is really pushing.} Rd8 $2 (29... Re8 {was called for.} 30. b3 Rxe6 31. dxe6 (31. Nxe6 Qf7 $16) 31... Qe7) 30. a4 (30. Be4 $142) 30... Qc7 $2 {[#]} (30... Re8 31. b3 Rxe6 32. dxe6 (32. Nxe6 Qe7 $16) 32... Qe7) 31. Qf5 {Played: Re6xe5} 1-0

[Event "Eurasia Open Cup 2019"]
[Site "Ekaterinburg"]
[Date "2019.08.09"]
[Round "9.43"]
[White "Odegov, Artem"]
[Black "Chekletsov, Egor"]
[Result "0-1"]
[WhiteElo "2261"]
[BlackElo "2088"]
[Annotator "TA"]
[PlyCount "92"]
[EventDate "2019.07.31"]
[EventType "swiss"]
[EventCountry "RUS"]
[SourceTitle "playchess.com"]
[Source "ChessBase"]
[SourceQuality "1"]

{[%evp 13,92,11,14,4,66,-96,-90,-102,-82,-87,-93,-88,-83,-87,-95,-158,-147,-154,-161,-153,-141,-283,-247,-565,-612,-1183,-1208,-1299,-1283,-1687,-1695,-29984,-29985,-29984,-29980,-3645,-1742,-1741,-1712,-1671,-1649,-6395,-572,-1012,-721,-755,-775,-752,-722,-904,-858,-1028,-1013,-6403,-5485,-29986,-29987,-29987,-29988,-29994,-6211,-6137,-6133,-5335,-5243,-6556,-5731,-29950,-29951,-6656,-5722,-29975,-29976,-29976,-29977,-29981,-29978,-29978,-29979,-29978,-29974]} 1. d4 Nf6 2. c4 e6 3. Nc3 Bb4 4. Qc2 O-O 5. e4 d5 6. e5 Ne4 7. Bd3 c5 $1 {[%cal Rc5d4]} 8. Nge2 {E32: Nimzo-Indian: Classical (4 Qc2): 4...0-0} (8. Nf3 cxd4 9. Nxd4 Nd7 10. Bf4 Qh4 11. g3 Qh5 12. h4 Nxe5 13. Be2 Ng4 14. Bxg4 Qxg4 15. f3 Qh5 {1-0 (36) Vallejo Pons,F (2707)-So,W (2780) Leon 2018}) 8... Nc6 (8... Nxf2 $11 9. Kxf2 cxd4) 9. Bxe4 $146 (9. cxd5 $14 {keeps the upper hand.} exd5 10. O-O) ({Predecessor:} 9. O-O cxd4 10. cxd5 exd5 11. Nxd5 Qxd5 12. Bxe4 Qxe5 13. Bf4 Qh5 14. a3 Ba5 15. Bg3 Re8 16. b4 Bb6 17. Nf4 Qh6 18. Rfe1 Bd7 19. Nd5 Be6 20. Nxb6 axb6 21. Qd3 Qh5 22. Bxc6 {½-½ (22) Zhigalko,S (2658)-Alekseev,E (2670) Moscow 2012}) 9... dxe4 $17 10. dxc5 {Black is better.} Nxe5 11. O-O {[#]} f5 $1 (11... Bxc5 $6 12. Qxe4 Ng6 13. b3 $11) 12. Rd1 Qh4 $36 {[%mdl 2048] Black is in control.} 13. Bf4 Nd3 ({But not} 13... Nxc4 $2 14. Nb5 $18) 14. g3 (14. Bg3 $142 Qf6 15. Bd6) 14... Qg4 15. Rxd3 exd3 16. Qxd3 Bxc5 17. b3 (17. a3 $17) 17... b6 18. Be3 $2 (18. Na4 {is a better chance.}) 18... Qf3 $19 {...Bb7 is the strong threat.} 19. Kf1 Bb7 20. Ng1 Qg2+ {[%mdl 64] Double Attack} 21. Ke2 Rad8 22. Qc2 f4 23. Bxc5 bxc5 24. Rf1 fxg3 (24... f3+ $142 25. Ke1 Rf5) 25. hxg3 {[#]} Rf5 $1 26. Ke1 Re5+ 27. Nge2 Qf3 (27... Bf3 $142 {And now ...Bg4 would win.} 28. b4 cxb4) 28. Rg1 Rd3 {( -> ...Rxc3)} 29. Nd1 Be4 {Strongly threatening ...Rxd1+!} 30. Qb2 Rh5 31. Ne3 Rh1 32. Qe5 h6 {Threatens to win with ...Rxe3.} 33. Qxe6+ Kh7 34. Qe5 Rxe3 35. fxe3 Bd3 {[%csl Gd3][%cal Rf3e2]} 36. Qb2 {[#]} Qxe2+ (36... Rh2 $142 $1 {[%mdl 512]} 37. Kd1 Rxe2 {[%mdl 64] Double Attack} 38. Qd2 Rxd2+ 39. Kc1 Qxe3 40. Rh1 Rxa2+ {[%mdl 64] Discovered Attack} 41. Kd1 Qd2#) 37. Qxe2 Rxg1+ 38. Kf2 Bxe2 39. Kxg1 {[%mdl 4096] Endgame KB-KP} Bd3 40. a3 a5 41. Kf2 Bc2 42. b4 axb4 {Black mates.} 43. axb4 cxb4 {[%cal Bc5b4,Bb4b3][%mdl 32]} 44. Ke1 Kg6 45. Kd2 b3 46. c5 Kf6 {Accuracy: White = 27%, Black = 70%.} 0-1

[Event "Eurasia Open Cup 2019"]
[Site "Ekaterinburg"]
[Date "2019.08.09"]
[Round "9.44"]
[White "Grebnev, Aleksey"]
[Black "Akhtariev, Andrey"]
[Result "1-0"]
[WhiteElo "2093"]
[BlackElo "2243"]
[Annotator "TA"]
[PlyCount "151"]
[EventDate "2019.07.31"]
[EventType "swiss"]
[EventCountry "RUS"]
[SourceTitle "playchess.com"]
[Source "ChessBase"]
[SourceQuality "1"]

{[%evp 15,151,39,67,12,71,64,76,79,101,52,45,36,141,136,124,129,130,131,141,122,127,79,75,82,93,98,70,83,78,85,89,78,102,90,93,85,102,85,97,85,107,30,32,20,21,23,27,7,19,0,0,0,12,0,41,40,41,25,26,14,14,12,68,39,254,249,277,278,278,278,280,278,279,278,258,272,273,274,275,273,357,324,340,325,338,332,343,306,303,312,377,377,366,366,366,352,322,298,298,279,434,428,618,603,572,558,679,679,679,679,6444,6095,5768,9145,29958,29959,29959,29960,4133,5909,29973,29974,29974,29975,29975,29976,29976,29977,29976,29977,29981,29982,29982,29982,29982,29983,29983,29984]} 1. e4 e5 2. Nf3 Nf6 3. Nxe5 d6 4. Nf3 Nxe4 5. d4 d5 6. Bd3 Be7 7. O-O O-O 8. c4 Bg4 9. Nc3 {C42: Petroff Defence: 3 Nxe5 and unusual White 3rd moves} ({White should try} 9. h3 $14 Be6 10. cxd5 Bxd5 11. Nc3 Nxc3 12. bxc3) 9... Nf6 (9... Nxc3 $11 {keeps the balance.} 10. bxc3 dxc4 11. Bxc4 Nd7) 10. h3 $16 Bh5 11. cxd5 {White is better.} Nbd7 {[%cal Bb8d7,Bd7b6,Bb6d5,Bd5c3][%mdl 32]} 12. Bc4 Nb6 13. Bb3 Qc8 $146 (13... Nfxd5 $14 14. Re1 c6) ({Predecessor:} 13... Nbxd5 14. Re1 c6 15. Bg5 h6 16. Bh4 {1-0 (52) Miezis,N (2572)-Kiik,K (2475) Finland 2009}) 14. Qd3 Bg6 15. Qe2 Bb4 16. Ne5 Bxc3 17. bxc3 Nbxd5 18. Nxg6 hxg6 19. Qf3 Qf5 20. Qxf5 gxf5 21. c4 Nc3 22. Bb2 Nce4 23. Rad1 Rfe8 24. Rfe1 Rad8 25. f3 Ng3 26. Kf2 f4 27. Bc2 Nd7 28. Rxe8+ (28. h4 $16) 28... Rxe8 $11 29. Re1 Rxe1 30. Kxe1 {[%mdl 4096] Endgame KBB-KNN} g5 31. Ba3 f6 32. Be7 Kf7 33. Bd8 c6 34. h4 Ke8 35. Bc7 {And now h5! would win.} Nf8 36. Bb8 a6 $1 37. d5 cxd5 38. cxd5 Kf7 ({Black should play} 38... Nd7 $11 39. Bd6 Kf7) 39. Bc7 {Black must now prevent hxg5.} (39. h5 $5) 39... Nh5 $2 (39... gxh4 $14 40. Kf2 (40. Bxf4 Ng6 $16) 40... Nh1+ 41. Ke1 Ng3) 40. Bf5 $18 Ng7 {[#]} 41. Bc8 $1 Ne8 42. Bb8 gxh4 43. Bxf4 ({Weaker is} 43. Bxb7 Nd7 $16) 43... Ng6 44. Bb8 Ke7 {intending ...Nd6.} 45. Bxb7 a5 46. Kf2 Nd6 47. Bc6 Nf4 48. Bc7 Nd3+ 49. Kg1 Nb4 50. Bxa5 Nxa2 51. Be1 Nf5 52. Bd2 Nd4 53. Kh2 Nb3 54. Be1 Nac1 55. Bxh4 Nd3 56. Bg3 Nd4 57. Bb8 Nb4 (57... Ne5 $142 58. Bb7 Nf5) 58. d6+ Ke6 (58... Kd8 $142 59. Bc7+ Kc8) 59. Ba4 Nbc6 60. Bc7 Ne5 61. f4 Nd7 62. g4 {Threatens to win with f5+.} f5 63. g5 Nc5 64. Be8 Nf3+ 65. Kg3 Nd2 66. g6 Nde4+ 67. Kf3 Kf6 68. d7 {White mates.} Nxd7 69. Bxd7 Kxg6 70. Bd8 Nc5 71. Be8+ Kh6 72. Be7 Ne6 73. Bd7 Nd4+ 74. Ke3 Nc2+ {[#]} 75. Kd2 $1 Nd4 76. Kd3 {Accuracy: White = 68%, Black = 52%.} 1-0